01598nam a2200361 a 4500001001000000003000500010005001700015008004100032010001100073011001100084040000900095090001000104100003100114245016700145260004100312500006000353502007700413590004100490590004000531590004000571590004000611650003000651650004500681650006800726650005400794856007000848901000700918942001000925942000600935999001900941952014000960952013601100000112059CHAP20250613133006.0151201s2015 mx a fsm |||||||spa d a108520 a109492 cCHAP aTesis1 aRuiz Díaz, Mario913015010aCalidad del fruto de piña MD-2 bajo condiciones de mallas sombra con acolchado en la cuenca baja de Papaloapan, Veracruz /h[En línea]cpor Mario Ruiz Díaz. aChapingo, Méx. :bEl autor,c2015. aPara ver el contenido del material haga clic en la liga aTesis (Ing. Agr. Esp. en Fitotecnia) -- UACH. Departamento de Fitotecnia aBATCH-UPDb05c20151201lUCH01h1051 aE6096MTMb05c20151201lUCH01h1050 aE6096MTMb05c20151201lUCH01h1143 aE6096MTMb05c20151201lUCH01h114414aAcolchado de suelos.962312aPiña (Ananas comosus)xCalidad913015212aPiña (Ananas comosus)xCultivozCuenca del Papaloapan913015412aSombraxEfecto en piña (Ananas comosus)9130153 aFinding aiduhttp://10.13.5.2/tesis/sist112059.pdfzTeclea aquí aBK cTESIS n0 c108520d108520 00102local4053708TESISaBCbBCcPA_TESISd2015-12-01fTESISl0oTesisp33724002514405r2019-12-31 00:00:00tc.2w2019-12-31yTESIS 00104054718TESISaBCbBCd2015-12-01fTESISl0oTesisp33724002514446r2019-12-31 00:00:00w2019-12-31yTESISzRecien adquirido